[Event "BRA-ch Amateur"]
[Site "Sao Paulo"]
[Date "2015.04.02"]
[Round "4"]
[White "Pinto, Ana Vitoria de Jesu"]
[Black "Felix, Raimundo Nascimento"]
[Result "0-1"]
[WhiteElo "1644"]
[BlackElo "1905"]
[PlyCount "42"]
[EventDate "2015.04.30"]
[EventType "swiss"]
[EventRounds "7"]
[EventCountry "BRA"]
[SourceTitle "EXT 2022"]
[Source "ChessBase"]
[SourceDate "2021.10.06"]
[SourceVersion "1"]
[SourceVersionDate "2021.10.06"]
[SourceQuality "1"]

1. e4 c5 2. Nf3 g6 3. d4 Bg7 4. Nc3 cxd4 5. Nxd4 Nc6 6. Be3 Nf6 7. Qd2 0-0 8. f3 d5 9. exd5 Nxd5 10. Nxd5 Qxd5 11. c3 Qe5 12. Nxc6 bxc6 13. Qf2 Rd8 14. Be2 Rb8 15. Bd4 Qg5 16. Bxg7 Qd2+ 17. Kf1 Qxb2 18. Rd1 Rxd1+ 19. Bxd1 Kxg7 20. Bb3 Qxc3 21. Rg1 Ba6+ 0-1

[Event "Mogi das Cruzes op 08"]
[Site "Mogi das Cruzes"]
[Date "2013.08.17"]
[Round "3"]
[White "Pinto, Ana Vitoria de Jesu"]
[Black "Krongold, Breno"]
[Result "0-1"]
[WhiteElo "1714"]
[BlackElo "1649"]
[PlyCount "118"]
[EventDate "2013.08.16"]
[EventType "swiss"]
[EventRounds "6"]
[EventCountry "BRA"]
[SourceTitle "CBM 155 Extra"]
[Source "ChessBase"]
[SourceDate "2013.08.26"]
[SourceVersion "1"]
[SourceVersionDate "2013.08.26"]
[SourceQuality "1"]

1. e4 c5 2. Nf3 Nc6 3. d4 cxd4 4. Nxd4 Nf6 5. Nc3 g6 6. Be3 Bg7 7. Be2 0-0 8. Qd2 a6 9. a4 e6 10. 0-0 Ne7 11. Rad1 d5 12. exd5 Nfxd5 13. Nxd5 Nxd5 14. Bg5 Qc7 15. c4 Nf6 16. Nf3 Ne4 17. Qb4 Nxg5 18. Nxg5 Qe5 19. Qd2 Qxb2 20. Qxb2 Bxb2 21. Rd3 Bf6 22. Ne4 Be7 23. Rfd1 b6 24. Bf3 Rb8 25. Nd6 Rd8 26. Nxc8 Rbxc8 27. Rxd8+ Rxd8 28. Rxd8+ Bxd8 29. Kf1 Kg7 30. Ke2 Kf6 31. Kd3 Be7 32. Bb7 a5 33. Ke4 Bd6 34. h3 h5 35. Bc6 Ke7 36. g4 hxg4 37. hxg4 f5+ 38. gxf5 exf5+ 39. Kd3 Kf6 40. f3 Ke5 41. Be8 g5 42. Bd7 Kf4 43. Bc6 Bc5 44. Ke2 g4 45. fxg4 fxg4 46. Bg2 g3 47. Bd5 Bf2 48. Bb7 Ke5 49. Kd3 Kd6 50. Kc3 Be1+ 51. Kd3 Kc5 52. Ke2 Bf2 53. Kd3 Kb4 54. Bc6 Kb3 55. Bd5 Kxa4 56. Bc6+ Kb4 57. Bd5 a4 58. Ke2 Ka3 59. Kd3 Kb2 0-1

[Event "Sao Bernardo do Campo LXSBC op"]
[Site "Sao Bernardo do Campo"]
[Date "2012.05.19"]
[Round "4"]
[White "Garkauskas, Otto Dmitry"]
[Black "Pinto, Ana Vitoria de Jesu"]
[Result "1-0"]
[WhiteElo "2086"]
[BlackElo "1755"]
[PlyCount "89"]
[EventDate "2012.05.18"]
[EventType "swiss"]
[EventRounds "6"]
[EventCountry "BRA"]
[SourceTitle "EXT 2014"]
[Source "ChessBase"]
[SourceDate "2013.11.20"]
[SourceVersion "1"]
[SourceVersionDate "2013.11.20"]
[SourceQuality "1"]

1. d4 Nf6 2. c4 e6 3. Nc3 d5 4. Bg5 Be7 5. Nf3 0-0 6. e3 Nbd7 7. cxd5 Nxd5 8. Bxe7 Qxe7 9. Bd3 N7f6 10. 0-0 Nxc3 11. bxc3 Rd8 12. Qc2 Bd7 13. Ne5 Be8 14. f4 c5 15. Rf3 Rac8 16. Rh3 g6 17. Qf2 Nd7 18. Nf3 Nf8 19. Ng5 f6 20. Ne4 c4 21. Bc2 Bc6 22. Nd2 b5 23. Qh4 Rd7 24. e4 f5 25. Qxe7 Rxe7 26. Re3 Rce8 27. a4 Nd7 28. axb5 Bxb5 29. Rxa7 Nf6 30. Rxe7 Rxe7 31. exf5 Nd5 32. Re5 gxf5 33. Bxf5 Nxc3 34. Bxe6+ Kg7 35. Bxc4 Rxe5 36. fxe5 Bxc4 37. Nxc4 Ne2+ 38. Kf2 Nxd4 39. Ke3 Ne6 40. Ke4 Kg6 41. Kd5 Kf7 42. Kd6 h5 43. g3 Ng7 44. Kd7 Nf5 45. Nd6+ 1-0

[Event "Sao Bernardo do Campo LXSBC op"]
[Site "Sao Bernardo do Campo"]
[Date "2012.05.18"]
[Round "2"]
[White "Pinto, Ana Vitoria de Jesu"]
[Black "Casarin, Luis Marcio Pinhatt"]
[Result "1/2-1/2"]
[WhiteElo "1755"]
[BlackElo "1939"]
[PlyCount "93"]
[EventDate "2012.05.18"]
[EventType "swiss"]
[EventRounds "6"]
[EventCountry "BRA"]
[SourceTitle "EXT 2014"]
[Source "ChessBase"]
[SourceDate "2013.11.20"]
[SourceVersion "1"]
[SourceVersionDate "2013.11.20"]
[SourceQuality "1"]

1. e4 c5 2. Nf3 d6 3. c3 Nf6 4. Be2 Nc6 5. Qc2 g6 6. d4 cxd4 7. cxd4 Bd7 8. Nc3 Bg7 9. 0-0 Rc8 10. Qd1 0-0 11. h3 a6 12. a3 b5 13. Bd2 Na5 14. b3 Nc6 15. b4 Ne8 16. d5 Na5 17. Rc1 Nc4 18. Bxc4 Rxc4 19. Qb3 Bxc3 20. Rxc3 Rxe4 21. Bh6 Ng7 22. Qb2 f6 23. Rfc1 Qb6 24. Rc7 Rd8 25. Be3 Rxe3 26. fxe3 Qxe3+ 27. Kh2 Nf5 28. Qc3 Qf4+ 29. Kg1 Ng3 30. Re1 Kf7 31. Qe3 Qxe3+ 32. Rxe3 Nf5 33. Re1 h5 34. Ra7 h4 35. Rxa6 Rc8 36. Ra7 Be8 37. Re4 g5 38. Re2 Rc4 39. Kf2 Kf8 40. Rd2 Bh5 41. Rb7 Ng3 42. Ra2 Ne4+ 43. Kg1 Rc1+ 44. Kh2 Ng3 45. Ng1 Nf1+ 46. Kh1 Ng3+ 47. Kh2 1/2-1/2